[Event "PRO League Group Stage"]
[Site "chess.com INT"]
[Date "2018.02.07"]
[Round "5"]
[White "Jones, Gawain C B"]
[Black "Van Wely, Loek"]
[Result "0-1"]
[WhiteTitle "GM"]
[BlackTitle "GM"]
[WhiteElo "2640"]
[BlackElo "2656"]
[WhiteTeam "London Towers"]
[BlackTeam "Amsterdam Mosquitoes"]
[WhiteFideId "409561"]
[BlackFideId "1000268"]
[EventDate "2018.01.18"]

1. e4 c5 2. Nc3 e6 3. f4 Nc6 4. Nf3 d5 5. Bb5 Ne7 6. exd5 exd5 7. Qe2 f6 8.
Bxc6+ bxc6 9. d3 Kf7 10. O-O Nf5 11. Bd2 h5 12. Rae1 h4 13. Na4 Bd7 14. Qf2 d4
15. Qe2 Qc7 16. b3 Re8 17. Qf2 Rxe1 18. Qxe1 Bd6 19. Ba5 Qb8 20. Nd2 Bxf4 21.
Rxf4 Qxf4 22. Nxc5 Bc8 23. Nc4 Re8 24. Ne4 Be6 25. Ncd6+ Nxd6 26. Bc7 Kg6 27.
Bxd6 Qe3+ 28. Qf2 Bd5 29. Nd2 Qe1+ 30. Nf1 Re2 31. Qxe1 Rxg2+ 32. Kh1 Re2+ 33.
Kg1 Rxe1 34. Kf2 Rc1 35. c4 dxc3 36. Ne3 Ra1 0-1

[Event "PRO League Group Stage"]
[Site "chess.com INT"]
[Date "2018.02.07"]
[Round "5"]
[White "Hansen, Torbjorn Ringdal"]
[Black "Kovalenko, Igor"]
[Result "0-1"]
[WhiteTitle "GM"]
[BlackTitle "GM"]
[WhiteElo "2410"]
[BlackElo "2635"]
[WhiteTeam "Norway Gnomes"]
[BlackTeam "Riga Magicians"]
[WhiteFideId "1501720"]
[BlackFideId "14117908"]
[EventDate "2018.01.18"]

1. e4 c5 2. Nf3 d6 3. d4 cxd4 4. Nxd4 Nf6 5. Nc3 a6 6. Be2 e5 7. Nf3 h6 8. Nd2
b5 9. a4 b4 10. Nd5 Nxd5 11. exd5 Nd7 12. a5 Be7 13. Nc4 O-O 14. O-O Bb7 15. Ra4
Qc7 16. Rxb4 Rae8 17. Be3 f5 18. Nb6 Nf6 19. c4 f4 20. Bc1 g5 21. Bd3 e4 22. Bb1
Bd8 23. Re1 h5 24. h4 Qc5 25. Rb3 Ng4 26. Qc2 Rf7 27. Rf3 Qxa5 28. Bd2 Qxb6 29.
Rxe4 Rxe4 30. Qxe4 Kf8 31. hxg5 Bxg5 32. Bxf4 Bxf4 33. Rxf4 Bc8 34. Rxf7+ Kxf7
35. Qf3+ Ke7 36. b3 Qd4 37. g3 Nf6 38. Bf5 Kd8 39. Bxc8 Kxc8 40. b4 Nd7 41. Qb3
h4 42. gxh4 Qxh4 43. b5 a5 44. b6 Qg4+ 45. Kf1 Qd4 46. b7+ Kc7 47. Qb5 Qb6 48.
Qa4 Nc5 49. b8=Q+ Kxb8 50. Qe8+ Ka7 51. Qe7+ Ka6 52. f4 a4 53. f5 a3 54. Qe3
Qb1+ 55. Kg2 Qb2+ 56. Kf1 a2 0-1

[Event "PRO League Group Stage"]
[Site "chess.com INT"]
[Date "2018.02.07"]
[Round "5"]
[White "Hansen, Torbjorn Ringdal"]
[Black "Meskovs, Nikita"]
[Result "1-0"]
[WhiteTitle "GM"]
[BlackTitle "GM"]
[WhiteElo "2410"]
[BlackElo "2546"]
[WhiteTeam "Norway Gnomes"]
[BlackTeam "Riga Magicians"]
[WhiteFideId "1501720"]
[BlackFideId "11602740"]
[EventDate "2018.01.18"]

1. e4 c5 2. Nf3 e6 3. d4 cxd4 4. Nxd4 Nc6 5. Nc3 Qc7 6. Be3 a6 7. Bd3 Nf6 8. O-O
b5 9. Nxc6 dxc6 10. a4 b4 11. Nb1 Bd6 12. h3 Bh2+ 13. Kh1 Bf4 14. Qd2 Bxe3 15.
Qxe3 e5 16. Nd2 O-O 17. a5 Be6 18. Nc4 Bxc4 19. Bxc4 Rfd8 20. c3 bxc3 21. bxc3
c5 22. Rfb1 Rd6 23. Rb2 Rad8 24. Qf3 g6 25. Rb6 Kg7 26. Rab1 R8d7 27. Bxa6 c4
28. Bb7 Qc5 29. Rxd6 Rxd6 30. a6 Rd3 31. Qe2 Rxc3 32. Ra1 Qa7 33. Qb2 Rb3 34.
Qxe5 c3 35. Qc7 Nxe4 36. Qe5+ Nf6 37. Kh2 c2 38. Qe1 Nd7 39. Rc1 Qb8+ 40. Kg1
Nc5 41. Rxc2 Nxb7 42. Qa1+ Kh6 43. Qc1+ Kg7 44. Qa1+ f6 45. a7 Qa8 46. Rc7+ Kh6
47. Qxf6 Rb4 48. Qg7+ Kg5 49. Qe7+ Kh6 50. Qxb4 1-0

[Event "PRO League Group Stage"]
[Site "chess.com INT"]
[Date "2018.02.07"]
[Round "5"]
[White "Bora, Safal"]
[Black "Chen, Forest"]
[Result "0-1"]
[WhiteTitle "IM"]
[WhiteElo "2370"]
[BlackElo "2107"]
[WhiteTeam "Pittsburgh Pawngrabbers"]
[BlackTeam "Saint Louis Arch Bishops"]
[WhiteFideId "2066149"]
[BlackFideId "30908205"]
[EventDate "2018.01.18"]

1. Nf3 d5 2. g3 c6 3. Bg2 Bg4 4. O-O e6 5. d4 Nf6 6. Nbd2 Bd6 7. Re1 O-O 8. e4
dxe4 9. Nxe4 Nxe4 10. Rxe4 Bf5 11. Re1 Qc7 12. Nh4 Bg6 13. Nxg6 hxg6 14. c3 Rd8
15. Bg5 Rd7 16. h4 Na6 17. h5 gxh5 18. Qxh5 Bf8 19. Be4 g6 20. Qh4 Bg7 21. Kg2
f5 22. Bd3 Re8 23. Bc4 Kf7 24. Qh7 Qd6 25. Bh6 Qf8 26. Bxg7 Qxg7 27. Bxe6+ Kf8
28. Qxg7+ Rxg7 29. Bc4 Nc7 30. Rh1 Rge7 31. Rh6 Kg7 32. Rah1 Nd5 33. Rh7+ Kf6
34. Kf3 Nb6 35. Bb3 a5 36. a4 Nc8 37. Rxe7 Rxe7 38. Rh8 Nd6 39. Rf8+ Kg5 40. Rd8
Ne4 41. Kg2 Nd2 42. Bc2 Nc4 43. b3 Nb6 44. c4 Re2 45. Bd1 Rd2 46. Bf3 Rd3 47.
Rb8 Rxb3 48. Rxb7 Rb4 49. Bxc6 Nxc4 50. Ra7 Rb2 51. Ra6 Ne3+ 52. Kf3 Nd1 53. Kg2
Rxf2+ 54. Kg1 Rd2 55. Be8 Kg4 56. Rxg6+ Kh3 57. Bc6 Ne3 58. Bf3 Ng4 59. Bxg4+
fxg4 60. Kf1 Rxd4 61. Kf2 Rd2+ 62. Ke3 Ra2 63. Rg5 Rxa4 64. Kf2 Ra2+ 65. Ke3
Ra3+ 66. Kf4 Ra4+ 67. Ke3 Kxg3 68. Rg8 Ra3+ 69. Ke4 Kh3 70. Kf4 g3 0-1

[Event "PRO League Group Stage"]
[Site "chess.com INT"]
[Date "2018.02.07"]
[Round "5"]
[White "Bora, Safal"]
[Black "Caruana, Fabiano"]
[Result "0-1"]
[WhiteTitle "IM"]
[BlackTitle "GM"]
[WhiteElo "2370"]
[BlackElo "2811"]
[WhiteTeam "Pittsburgh Pawngrabbers"]
[BlackTeam "Saint Louis Arch Bishops"]
[WhiteFideId "2066149"]
[BlackFideId "2020009"]
[EventDate "2018.01.18"]

1. Nf3 c5 2. g3 g6 3. Bg2 Bg7 4. c4 Nc6 5. Nc3 e5 6. O-O Nge7 7. Ne1 d6 8. Nc2
O-O 9. Ne3 Rb8 10. d3 a6 11. a4 Nb4 12. Ned5 Nexd5 13. Nxd5 Nxd5 14. Bxd5 Bh3
15. Re1 Kh8 16. Bd2 a5 17. e3 f5 18. Bc3 b6 19. d4 cxd4 20. exd4 e4 21. Be6 Qc7
22. Qc2 Bg4 23. Rab1 Bf3 24. d5 Rb7 25. b4 e3 26. Rxe3 Be4 27. Bxg7+ Qxg7 28.
Rxe4 fxe4 29. bxa5 bxa5 30. Rxb7 Qxb7 31. c5 Qb4 32. c6 e3 33. f4 Qe1+ 34. Kg2
Qd2+ 35. Qxd2 exd2 36. Bg4 Re8 37. Kf2 Re1 38. c7 Rc1 39. Ke3 Rxc7 40. Kxd2 Rc4 0-1

[Event "PRO League Group Stage"]
[Site "chess.com INT"]
[Date "2018.02.07"]
[Round "5"]
[White "Xu, Xiangyu"]
[Black "Smirnov, Anton"]
[Result "1/2-1/2"]
[WhiteTitle "GM"]
[BlackTitle "GM"]
[WhiteElo "2545"]
[BlackElo "2527"]
[WhiteTeam "Chengdu Pandas"]
[BlackTeam "Australia Kangaroos"]
[WhiteFideId "8608288"]
[BlackFideId "3208923"]
[EventDate "2018.01.18"]

1. Nf3 d5 2. c4 c6 3. d4 Nf6 4. g3 g6 5. Bg2 Bg7 6. Qb3 O-O 7. O-O Qb6 8. Nc3
Rd8 9. Rd1 Bf5 10. Ne1 Na6 11. cxd5 Qxb3 12. axb3 Nxd5 13. e4 Nxc3 14. bxc3 Bg4
15. Rd2 e5 16. h3 Bd7 17. d5 cxd5 18. Rxd5 Nc7 19. Rda5 a6 20. Be3 Rac8 21. Nc2
Be6 22. c4 Bf8 23. Bf1 Ne8 24. Rc1 Nd6 25. Bb6 Rd7 26. f3 f6 27. Kf2 Nf7 28. Be3
f5 29. exf5 gxf5 30. Be2 Be7 31. f4 exf4 32. gxf4 Bf6 33. Nb4 Nd6 34. Bd3 Rg7
35. Kf3 Bf7 36. Nd5 Bh4 37. Ke2 Re8 38. Kd2 Rg2+ 39. Kc3 Ne4+ 40. Bxe4 Rxe4 41.
Bb6 Bxd5 42. Rxd5 Bf6+ 43. Kb4 Be7+ 44. Bc5 Rg6 45. Bxe7 Rxe7 46. Rc3 Rf6 47.
Rg3+ Kf7 48. Rg5 Re3 49. Rgxf5 Rxh3 50. Rd7+ Ke6 51. Rxf6+ Kxd7 52. Kc5 Rxb3 53.
Rf7+ Ke6 54. Rxh7 b5 55. cxb5 Rxb5+ 1/2-1/2

[Event "PRO League Group Stage"]
[Site "chess.com INT"]
[Date "2018.02.07"]
[Round "5"]
[White "Xu, Xiangyu"]
[Black "Clarke, Brandon G I"]
[Result "1-0"]
[WhiteTitle "GM"]
[BlackTitle "FM"]
[WhiteElo "2545"]
[BlackElo "2360"]
[WhiteTeam "Chengdu Pandas"]
[BlackTeam "Australia Kangaroos"]
[WhiteFideId "8608288"]
[BlackFideId "400319"]
[EventDate "2018.01.18"]

1. d4 Nf6 2. Bf4 g6 3. Nc3 d5 4. e3 Bg7 5. h4 h6 6. Nf3 O-O 7. Be2 c5 8. Nb5 Na6
9. c3 Bd7 10. Ne5 Bxb5 11. Bxb5 Nc7 12. Bd3 Ne6 13. Bh2 Nd7 14. Nf3 Qb6 15. Qb3
c4 16. Qxb6 axb6 17. Bc2 b5 18. Kd2 f5 19. a4 bxa4 20. Bxa4 Nf6 21. Ke2 Ra6 22.
Bb5 Rb6 23. Ra5 Ng4 24. Bf4 Bf6 25. Rb1 g5 26. hxg5 hxg5 27. Bg3 f4 28. exf4
gxf4 29. Bh4 Bxh4 30. Nxh4 f3+ 31. gxf3 Nf4+ 32. Kd2 Rh6 33. Rg1 Rxh4 34. Rxg4+
Rxg4 35. fxg4 e6 36. Ke3 Ng2+ 37. Ke2 Nf4+ 38. Ke3 Nd3 39. b3 Nxf2 40. bxc4
Nxg4+ 41. Ke2 Rf2+ 42. Ke1 Rc2 43. Bd7 Ne3 44. Bxe6+ Kg7 45. Bxd5 b6 46. Ra7+
Kf6 47. Rf7+ Kg5 48. Rg7+ Kf4 49. Rf7+ Kg4 50. Rg7+ Kf4 51. Rf7+ Kg4 52. Re7 Nf5
53. Be6 Kg5 54. Bxf5 Kxf5 55. Re3 Ra2 56. Kd1 Kf4 57. Re2 Ra4 58. Kc2 Rxc4 59.
Re6 b5 60. Kb3 Rc8 61. Rb6 Ke4 62. Rxb5 Kd3 63. Rc5 Rb8+ 64. Ka4 Ke4 65. Ka5 Kd3
66. d5 Ke4 67. c4 Ke5 68. Rc6 Kd4 69. d6 Ke5 70. c5 Kd5 71. Rc7 Ke6 72. d7 Rd8
73. c6 Kd6 74. Rc8 Ke7 75. Rxd8 Kxd8 76. Kb6 Ke7 77. Kc7 1-0

[Event "PRO League Group Stage"]
[Site "chess.com INT"]
[Date "2018.02.07"]
[Round "5"]
[White "Kambrath, Yannick"]
[Black "Dreev, Aleksey"]
[Result "0-1"]
[WhiteTitle "FM"]
[BlackTitle "GM"]
[WhiteElo "2342"]
[BlackElo "2653"]
[WhiteTeam "Rio Grande Ospreys"]
[BlackTeam "San Diego Surfers"]
[WhiteFideId "20632525"]
[BlackFideId "4100107"]
[EventDate "2018.01.18"]

1. d4 d5 2. c4 c6 3. Nf3 Nf6 4. e3 Bf5 5. Nc3 e6 6. Nh4 Be4 7. f3 Bg6 8. Qb3 Qb6
9. Bd2 Qxb3 10. axb3 Bc2 11. g4 Bxb3 12. c5 Be7 13. Ng2 Nfd7 14. Bd3 b6 15. cxb6
Nxb6 16. Ke2 O-O 17. Na2 c5 18. dxc5 Bxc5 19. Nc1 Ba4 20. b3 Bd7 21. b4 Bd6 22.
Nb3 Nc6 23. Nc5 Be8 24. f4 e5 25. Rhc1 exf4 26. Nxf4 Ne5 27. Ba6 Nxg4 28. Bb7
Bb5+ 29. Kf3 Ne5+ 30. Kg2 Rae8 31. Nxd5 Nec4 32. Rd1 Bb8 33. e4 Nxd2 34. Rxd2
Nc4 35. Rf2 Nd6 36. Nc3 Nxb7 37. Nxb5 Nxc5 38. bxc5 Rxe4 39. Nxa7 Rg4+ 40. Kh3
Rc4 41. Rf5 g6 42. Rd5 Rc3+ 43. Kg2 Rc2+ 44. Kf1 Rxh2 45. Ra6 Bxa7 46. Rxa7 Rc2
47. Rc7 Ra8 48. Rd1 Ra5 49. c6 Ra6 50. Rc8+ Kg7 51. c7 Ra7 0-1

[Event "PRO League Group Stage"]
[Site "chess.com INT"]
[Date "2018.02.07"]
[Round "5"]
[White "Kambrath, Yannick"]
[Black "Hilby, Craig"]
[Result "1-0"]
[WhiteTitle "FM"]
[BlackTitle "IM"]
[WhiteElo "2342"]
[BlackElo "2390"]
[WhiteTeam "Rio Grande Ospreys"]
[BlackTeam "San Diego Surfers"]
[WhiteFideId "20632525"]
[BlackFideId "2062674"]
[EventDate "2018.01.18"]

1. d4 Nf6 2. c4 g6 3. Nc3 d5 4. Nf3 Bg7 5. e3 O-O 6. cxd5 Nxd5 7. Bc4 Nb6 8. Bb3
c5 9. O-O cxd4 10. exd4 Nc6 11. d5 Na5 12. h3 Bxc3 13. bxc3 Nxb3 14. axb3 Qxd5
15. Qc2 Bf5 16. Qb2 f6 17. c4 Qd3 18. Be3 Rfd8 19. Nd4 e5 20. Nb5 Qc2 21. Qa3
Rd3 22. Bxb6 Rxb3 23. Qc1 Rc8 24. Bxa7 Rxc4 25. Nd6 Qxc1 26. Rfxc1 Rxc1+ 27.
Rxc1 Be6 28. Rc7 Bd5 29. Ne8 Bf7 30. Nxf6+ Kg7 31. Ng4 Rb5 32. Nxe5 1-0

[Event "PRO League Group Stage"]
[Site "chess.com INT"]
[Date "2018.02.07"]
[Round "5"]
[White "Yoo, Christopher Woojin"]
[Black "Ostrovskiy, Andrey"]
[Result "0-1"]
[WhiteTitle "FM"]
[BlackTitle "IM"]
[WhiteElo "2254"]
[BlackElo "2448"]
[WhiteTeam "San Jose Hackers"]
[BlackTeam "Las Vegas Desert Rats"]
[WhiteFideId "30909694"]
[BlackFideId "14110326"]
[EventDate "2018.01.18"]

1. e4 e5 2. Nf3 Nc6 3. Bb5 a6 4. Ba4 Nf6 5. O-O Be7 6. d3 b5 7. Bb3 d6 8. a4 Bg4
9. c3 Na5 10. Bc2 b4 11. Nbd2 bxc3 12. bxc3 O-O 13. h3 Bh5 14. Re1 Nd7 15. d4
Bf6 16. g4 Bg6 17. Nf1 h6 18. Ng3 Re8 19. Rb1 Nb6 20. Kh2 Nbc4 21. Nf5 Rc8 22.
Rg1 d5 23. dxe5 Nxe5 24. exd5 Nac4 25. Bf4 Na3 26. Nxe5 Bxe5 27. Bxe5 Rxe5 28.
Rb4 Nxc2 29. Qxc2 Qxd5 30. Rd4 Qe6 31. Rf4 Re8 32. Qd3 Re2 33. Qd4 Qe5 34. Qxe5
R8xe5 35. Rd1 Rc5 36. Rd3 Kh7 37. Rff3 Ra2 38. Rd4 Ra3 39. Rdd3 Rxa4 40. Rd7
Rac4 41. Re3 Bxf5 42. gxf5 Rxf5 43. Ree7 Rxf2+ 44. Kg1 Rf3 45. Rxc7 Rxc7 46.
Rxc7 Rxh3 47. Kg2 Rd3 48. Kf2 h5 49. Ke2 Rg3 50. c4 h4 51. Rxf7 h3 52. Rf2 Rc3
53. Kd2 Rxc4 54. Rh2 Rh4 55. Ke3 a5 56. Kf3 a4 57. Kg3 Rh6 58. Kg4 a3 59. Kg3
Kg6 60. Kg4 a2 61. Rxa2 h2 62. Ra6+ Kh7 63. Ra1 h1=Q 64. Rxh1 Rxh1 0-1

[Event "PRO League Group Stage"]
[Site "chess.com INT"]
[Date "2018.02.07"]
[Round "5"]
[White "Yoo, Christopher Woojin"]
[Black "Khachiyan, Melikset"]
[Result "0-1"]
[WhiteTitle "FM"]
[BlackTitle "GM"]
[WhiteElo "2254"]
[BlackElo "2522"]
[WhiteTeam "San Jose Hackers"]
[BlackTeam "Las Vegas Desert Rats"]
[WhiteFideId "30909694"]
[BlackFideId "13300512"]
[EventDate "2018.01.18"]

1. e4 g6 2. d4 Bg7 3. Nc3 c6 4. Nf3 d6 5. h3 Nf6 6. Be3 O-O 7. Be2 Nbd7 8. O-O
e5 9. dxe5 dxe5 10. Qd3 Qe7 11. Qc4 Nh5 12. Bg5 Bf6 13. Bh6 Re8 14. a4 a5 15.
Rfe1 Nf4 16. Bf1 Qb4 17. b3 Qxc4 18. Bxc4 Nc5 19. Rad1 Be6 20. Bxe6 Nfxe6 21.
Be3 Bg7 22. Nd2 Nd4 23. Rc1 Na6 24. Ncb1 Nb4 25. c3 Nd3 26. cxd4 exd4 27. Bg5 f5
28. Rcd1 h6 29. Bh4 Nxe1 30. Rxe1 g5 31. Bg3 f4 32. Bh2 b5 33. Rc1 bxa4 34. bxa4
Rab8 35. Na3 Rb4 36. Nac4 Rxa4 37. Nd6 Re6 38. Nb7 Ra2 39. Nc5 Re8 40. Nc4 Bf8
41. Nd7 Re7 42. Nf6+ Kf7 43. e5 d3 44. Ne4 Rc2 45. Ned6+ Kg6 46. Rd1 Bg7 47.
Nxa5 Bxe5 48. Ndc4 Bd4 49. Nxc6 Bxf2+ 50. Kf1 Rc7 51. N6e5+ Kg7 52. Nxd3 R7xc4
53. Nxf2 Rc1 54. Rxc1 Rxc1+ 55. Ke2 Rc2+ 56. Kf3 Kg6 57. Nd3 Kf5 58. Nf2 Rc3+
59. Ke2 h5 60. Kf1 g4 61. hxg4+ hxg4 62. Nd1 Rc1 63. Ke1 Rc2 64. Kf1 g3 65. Bg1
Ke4 66. Ba7 Kd3 67. Bb6 Kd2 68. Ba7 Kxd1 69. Bb8 Rf2+ 70. Kg1 Ke2 71. Bc7 Rf1# 0-1

[Event "PRO League Group Stage"]
[Site "chess.com INT"]
[Date "2018.02.07"]
[Round "5"]
[White "Andriasian, Zaven"]
[Black "Andreikin, Dmitry"]
[Result "0-1"]
[WhiteTitle "GM"]
[BlackTitle "GM"]
[WhiteElo "2585"]
[BlackElo "2712"]
[WhiteTeam "Armenia Eagles"]
[BlackTeam "Volga Stormbringers"]
[WhiteFideId "13302000"]
[BlackFideId "4158814"]
[EventDate "2018.01.18"]

1. e4 c5 2. Nf3 e6 3. d4 cxd4 4. Nxd4 Nc6 5. Nc3 a6 6. Nxc6 bxc6 7. Bd3 d5 8.
O-O Nf6 9. Re1 Be7 10. Qf3 O-O 11. Bf4 Bb7 12. Rad1 Re8 13. Qh3 g6 14. Bh6 Nd7
15. Bf1 Bf6 16. b3 d4 17. Na4 c5 18. Nb2 e5 19. Bc1 Bc8 20. Nc4 Nb6 21. Qf3 Bg7
22. Bd2 Nxc4 23. Bxc4 Be6 24. Qd3 Qd6 25. a4 h5 26. h3 Kh7 27. Rf1 Bh6 28. Bxh6
Kxh6 29. Rde1 g5 30. f3 h4 31. Rb1 f6 32. Bxe6 Qxe6 33. c4 Reb8 34. Rb2 Qb6 35.
Qd2 Qb4 36. Qxb4 Rxb4 37. Kf2 Rab8 38. Rfb1 a5 39. Ke2 Kg6 40. Kd3 f5 41. exf5+
Kxf5 42. Kc2 Re8 43. Rf1 Kf4 44. Kd3 Reb8 45. Rfb1 R4b7 46. Kd2 Kg3 47. Kd3 Kf4
48. Kd2 Re8 49. Rf1 Kg3 50. Kd3 Rf7 51. Re1 Kf4 52. Re4+ Kf5 53. Rb1 Rb7 54. Kc2
Kf6 55. Rbe1 Reb8 56. Rxe5 Rxb3 57. Rxc5 Rc3+ 58. Kd2 Rb2+ 59. Kd1 Ra3 60. Kc1
Rxg2 61. Kb1 Rb3+ 62. Kc1 d3 63. Rc6+ Kf5 64. Rc5+ Kf4 65. Re4+ Kxf3 0-1

[Event "PRO League Group Stage"]
[Site "chess.com INT"]
[Date "2018.02.07"]
[Round "5"]
[White "Andriasian, Zaven"]
[Black "Abdusattorov, Nodirbek"]
[Result "1-0"]
[WhiteTitle "GM"]
[BlackTitle "IM"]
[WhiteElo "2585"]
[BlackElo "2516"]
[WhiteTeam "Armenia Eagles"]
[BlackTeam "Volga Stormbringers"]
[WhiteFideId "13302000"]
[BlackFideId "14204118"]
[EventDate "2018.01.18"]

1. e4 e5 2. Nf3 Nc6 3. Bc4 Bc5 4. O-O Nf6 5. d3 O-O 6. Nbd2 h6 7. c3 d6 8. Bb3
a6 9. h3 Ba7 10. Re1 Ne7 11. Nf1 Ng6 12. Ng3 Be6 13. d4 Bxb3 14. Qxb3 b5 15. a4
c6 16. Be3 Qc7 17. Qc2 Rfe8 18. Rad1 Rad8 19. axb5 axb5 20. Nf5 Kh7 21. Re2 exd4
22. Bxd4 Bxd4 23. cxd4 Kg8 24. g3 Qc8 25. Kg2 Re6 26. Rde1 d5 27. e5 Ne4 28. Nd2
Nxd2 29. Rxd2 Ne7 30. b4 Nxf5 31. Qxf5 Qa8 32. Re3 Qa4 33. Qb1 Ra8 34. Rc3 Qa1
35. Qc2 Ra6 36. g4 Qa4 37. Qb1 Qa1 38. Qxa1 Rxa1 39. f4 Ra4 40. Rb2 Ra6 41. f5
Re8 42. Rbc2 Ra4 43. Rb3 Ra6 44. Kg3 Kf8 45. Rbc3 Ra4 46. Rxc6 Rxb4 47. Rd2 Rb1
48. Rb6 b4 49. Rc2 b3 50. Rc7 b2 51. Kh4 Kg8 52. Rd7 Rc8 53. e6 fxe6 54. fxe6
Rh1 55. e7 Kf7 56. Rd8 g5+ 57. Kg3 Rxh3+ 58. Kxh3 Rc3+ 59. Kg2 Kxe7 60. Rxd5 1-0

[Event "PRO League Group Stage"]
[Site "chess.com INT"]
[Date "2018.02.07"]
[Round "5"]
[White "Fressinet, Laurent"]
[Black "Kovalenko, Igor"]
[Result "1/2-1/2"]
[WhiteTitle "GM"]
[BlackTitle "GM"]
[WhiteElo "2662"]
[BlackElo "2635"]
[WhiteTeam "Norway Gnomes"]
[BlackTeam "Riga Magicians"]
[WhiteFideId "608742"]
[BlackFideId "14117908"]
[EventDate "2018.01.18"]

1. e4 c6 2. d4 d5 3. e5 Bf5 4. Nf3 e6 5. Be2 Nd7 6. O-O h6 7. c3 Qc7 8. a4 a5 9.
Na3 Bxa3 10. Rxa3 Ne7 11. Nh4 Bh7 12. Bd3 Bxd3 13. Qxd3 c5 14. Bd2 Qc6 15. f4 g6
16. Nf3 Qa6 17. Qb1 Rc8 18. Be3 Nf5 19. Bf2 h5 20. Rb3 b6 21. Rb5 Rc6 22. g3 Qa7
23. h3 Qc7 24. Kg2 cxd4 25. Nxd4 Rc4 26. Qa1 Ne7 27. Rc1 h4 28. g4 g5 29. b3 Rc5
30. Rxc5 bxc5 31. Nb5 Qc6 32. b4 Ng6 33. Bxc5 Nxf4+ 34. Kh2 Nxc5 35. bxc5 Qxc5
36. Nd4 O-O 37. Qb1 Qc7 38. Nf3 Rb8 39. Qc2 Qe7 40. Rb1 Rxb1 41. Qxb1 Kg7 42.
Qc2 Ng6 43. Qd2 Nf4 44. Nxh4 f6 45. Nf3 fxe5 46. Nxe5 Qc7 47. Nf3 Kf6 48. h4
gxh4 49. Qd4+ e5 50. Qf2 Qxc3 51. Qxh4+ Ke6 52. Qh6+ Kd7 53. Qg7+ Kd6 54. Qf8+
Kd7 55. Qg7+ Kc8 56. Qf8+ Kb7 57. Qe7+ Kb6 58. Qd6+ Kb7 59. Qd7+ Qc7 60. Qxc7+
Kxc7 61. Nxe5 Kd6 62. Nf3 Kc5 63. Kg3 Ne6 64. g5 Nxg5 65. Nxg5 Kb4 66. Kf3 Kxa4
67. Ke3 Kb3 68. Nf3 a4 69. Kd3 a3 70. Nd4+ Kb2 71. Nc2 a2 72. Kd2 Kb3 73. Kd3
Kb2 74. Kd2 Kb1 75. Na3+ Kb2 76. Nc2 Kb3 77. Kd3 Kb2 78. Kd2 1/2-1/2

[Event "PRO League Group Stage"]
[Site "chess.com INT"]
[Date "2018.02.07"]
[Round "5"]
[White "Fressinet, Laurent"]
[Black "Meskovs, Nikita"]
[Result "1-0"]
[WhiteTitle "GM"]
[BlackTitle "GM"]
[WhiteElo "2662"]
[BlackElo "2546"]
[WhiteTeam "Norway Gnomes"]
[BlackTeam "Riga Magicians"]
[WhiteFideId "608742"]
[BlackFideId "11602740"]
[EventDate "2018.01.18"]

1. e4 e5 2. Nf3 Nc6 3. Bb5 a6 4. Ba4 Nf6 5. d3 Bc5 6. Nc3 b5 7. Bb3 d6 8. Nd5
Na5 9. Bg5 c6 10. Nxf6+ gxf6 11. Be3 Rg8 12. g3 Bxe3 13. fxe3 f5 14. exf5 Bxf5
15. Qd2 Bh3 16. Qf2 Qe7 17. Nh4 d5 18. O-O-O Nxb3+ 19. cxb3 a5 20. Kb1 a4 21.
bxa4 Rxa4 22. Nf5 Qe6 23. b3 Ra3 24. e4 Bxf5 25. exf5 Qd6 26. Rc1 Kd7 27. Rc2
Rga8 28. Rhc1 Qb4 29. Rb2 R8a6 30. Qe3 f6 31. h3 Qa5 32. Rcc2 d4 33. Qe4 h5 34.
g4 hxg4 35. hxg4 b4 36. g5 fxg5 37. f6 Qd5 38. Qh7+ 1-0

[Event "PRO League Group Stage"]
[Site "chess.com INT"]
[Date "2018.02.07"]
[Round "5"]
[White "Thorfinnsson, Bjorn"]
[Black "Meier, Georg"]
[Result "0-1"]
[WhiteTitle "IM"]
[BlackTitle "GM"]
[WhiteElo "2400"]
[BlackElo "2647"]
[WhiteTeam "Reykjavik Puffins"]
[BlackTeam "Stockholm Snowballs"]
[WhiteFideId "2300982"]
[BlackFideId "4675789"]
[EventDate "2018.01.18"]

1. d4 e6 2. Nf3 Nf6 3. Bg5 c5 4. e3 d5 5. c3 Bd6 6. Ne5 Qc7 7. f4 Ne4 8. Bh4
cxd4 9. exd4 f6 10. Bb5+ Nc6 11. Nxc6 bxc6 12. Bd3 Bxf4 13. Bxe4 dxe4 14. Qe2 f5
15. Bf2 O-O 16. Nd2 a5 17. g3 Ba6 18. c4 Bd6 19. O-O c5 20. b3 cxd4 21. Bxd4 e5
22. Bf2 Rad8 23. Rad1 Bb7 24. Nb1 f4 25. Nc3 e3 26. Be1 f3 0-1

[Event "PRO League Group Stage"]
[Site "chess.com INT"]
[Date "2018.02.07"]
[Round "5"]
[White "Demidov, Mikhail"]
[Black "Manukian, Artak"]
[Result "1-0"]
[WhiteTitle "IM"]
[WhiteElo "2523"]
[BlackElo "2196"]
[WhiteTeam "Volga Stormbringers"]
[BlackTeam "Armenia Eagles"]
[WhiteFideId "4197143"]
[BlackFideId "13301373"]
[EventDate "2018.01.18"]

1. d4 d5 2. Nf3 Nf6 3. Bf4 Bf5 4. e3 e6 5. Be2 Bd6 6. Bxd6 Qxd6 7. O-O O-O 8. c4
c6 9. Qb3 Nbd7 10. Qa3 Qxa3 11. Nxa3 Ne4 12. Nh4 Bg6 13. Rfc1 Nd6 14. Nxg6 hxg6
15. b3 g5 16. Rc2 f5 17. c5 Ne4 18. b4 a6 19. f3 Nef6 20. Rb2 e5 21. Nc2 Rae8
22. Bf1 g4 23. a4 g5 24. b5 axb5 25. axb5 gxf3 26. gxf3 g4 27. bxc6 bxc6 28.
fxg4 fxg4 29. Ra6 exd4 30. exd4 Rb8 31. Rxb8 Nxb8 32. Ra7 Ne4 33. Bd3 Nd2 34.
Kg2 Rf3 35. Nb4 Nb3 36. Rb7 Rf8 37. Nc2 Na5 38. Ra7 Nc4 39. Be2 Rf7 40. Rxf7
Kxf7 41. Kg3 Nd7 42. Bxg4 Nf6 43. Be2 Nd2 44. Nb4 Nde4+ 45. Kf4 Nc3 46. Bf3 1-0

[Event "PRO League Group Stage"]
[Site "chess.com INT"]
[Date "2018.02.07"]
[Round "5"]
[White "Manukian, Artak"]
[Black "Andreikin, Dmitry"]
[Result "1/2-1/2"]
[BlackTitle "GM"]
[WhiteElo "2196"]
[BlackElo "2712"]
[WhiteTeam "Armenia Eagles"]
[BlackTeam "Volga Stormbringers"]
[WhiteFideId "13301373"]
[BlackFideId "4158814"]
[EventDate "2018.01.18"]

1. e4 c5 2. Nf3 e6 3. c3 Nf6 4. e5 Nd5 5. d4 cxd4 6. cxd4 b6 7. Nc3 Bb7 8. Bd3
Na6 9. O-O Nab4 10. Bg5 Qb8 11. Rc1 h6 12. Be3 Nxd3 13. Qxd3 Be7 14. Ne4 O-O 15.
a3 Rc8 16. Rxc8+ Qxc8 17. Rc1 Qf8 18. Nfd2 Rc8 19. Qb1 Ba6 20. Nf1 Rxc1 21. Qxc1
Qc8 22. Qxc8+ Bxc8 23. Bd2 Bb7 24. f3 Nc7 25. Kf2 Ba6 26. Nfg3 Bd3 27. Ne2 Bh4+
28. g3 Be7 29. N2c3 Bc4 30. h4 Kf8 31. h5 b5 32. g4 a5 33. Ne2 b4 34. axb4 axb4
35. Nf4 b3 36. Ke3 Nb5 37. Ba5 d5 38. exd6 Nxd6 39. Nxd6 Bxd6 40. Nd3 Ke8 41.
Bb4 Bh2 42. Bc3 f6 43. Nf4 Kf7 44. Ne2 Bc7 45. Nf4 Bb6 46. Nd3 Bd5 47. Nc5 e5
48. Ke2 Ba7 49. Ke3 Bb6 50. Ke2 Ke8 51. Ke3 Ba7 52. f4 Ke7 53. fxe5 fxe5 54. Nd3
exd4+ 55. Bxd4 Bb8 56. Bxg7 Be6 57. Bxh6 Bxg4 58. Bg5+ Kf7 59. h6 1/2-1/2